000 00472nam a2200157 a 4500
005 20140414132140.0
008 140203s19uu xx 00 eng d
020 _a9781845377359
050 _aREF 599
_bFr84 2008
100 _aFrancis, Charles
245 _aField guide to the mammals of Southeast Asia (A).
260 _aPrinceton, NJ :
_bPrinceton University Press,
_cc2008.
300 _a392
650 _aMammals-
_xSoutheast Asia-
_xidentification
999 _c115340
_d115340